[Event "4NCL Individual Rapid"]
[Site "Newport Pagnell ENG"]
[Date "2010.10.10"]
[Round "5"]
[White "Zhou,Y"]
[Black "Hebden,M"]
[Result "0-1"]
[WhiteTitle "FM"]
[BlackTitle "GM"]
[WhiteElo "2320"]
[BlackElo "2556"]
[WhiteFideId "468584"]
[BlackFideId "400084"]
[EventDate "2010.10.10"]

1. e4 e5 2. Nf3 Nc6 3. Bc4 Nf6 4. d3 Be7 5. O-O O-O 6. Re1 d6 7. a4 Na5 8. Ba2
c5 9. Nc3 Nc6 10. Bg5 Ne8 11. Bxe7 Qxe7 12. Nd5 Qd8 13. Qd2 h6 14. c3 Kh8 15.
Ne3 Nf6 16. h3 Be6 17. Nd5 Bxd5 18. exd5 Ne7 19. d4 cxd4 20. cxd4 e4 21. Nh2 Qd7
22. Bb1 Nexd5 23. Bxe4 Nxe4 24. Rxe4 Rae8 25. Rh4 f5 26. Nf3 Re4 27. Qa5 Nf4 28.
Qxa7 Qe7 29. a5 Ng6 30. Rxe4 fxe4 31. Nh2 Nf4 32. Ng4 h5 33. Ne3 Qg5 34. Qxb7
Nxh3+ 35. Kh2 Nxf2 36. g3 Qxe3 37. Qd5 Qe2 0-1

[Event "4NCL Individual Rapid"]
[Site "Newport Pagnell ENG"]
[Date "2010.10.10"]
[Round "6"]
[White "Sen,S"]
[Black "Poobalasingam,P"]
[Result "0-1"]
[BlackTitle "FM"]
[WhiteElo "2150"]
[BlackElo "2332"]
[WhiteFideId "414433"]
[BlackFideId "410683"]
[EventDate "2010.10.10"]

1. Nf3 Nf6 2. c4 g6 3. g3 d5 4. cxd5 Nxd5 5. Bg2 Bg7 6. O-O Nb6 7. Nc3 O-O 8. d4
Nc6 9. d5 Na5 10. e4 c6 11. Nd4 e6 12. Nb3 Nxb3 13. Qxb3 exd5 14. exd5 cxd5 15.
Bf4 Be6 16. Nb5 d4 17. Qb4 Qd7 18. Rac1 Bd5 19. Rc7 Qd8 20. Qc5 Bxg2 21. Kxg2
Nd5 22. Rxb7 Nxf4+ 23. gxf4 d3 24. Qc6 Rc8 25. Qd7 a6 26. Na7 Rc2 27. Rd1 d2 28.
Qxd8 Rxd8 29. Kf3 Rxb2 30. Rxb2 Bxb2 31. Nc6 Rd6 0-1

[Event "4NCL Individual Rapid"]
[Site "Newport Pagnell ENG"]
[Date "2010.10.10"]
[Round "6"]
[White "Pickard,C"]
[Black "Slavin,A"]
[Result "0-1"]
[BlackTitle "IM"]
[WhiteElo "2134"]
[BlackElo "2426"]
[WhiteFideId "470880"]
[BlackFideId "24104388"]
[EventDate "2010.10.10"]

1. Nf3 Nf6 2. c4 e6 3. g3 d5 4. b3 Bd6 5. Bg2 O-O 6. O-O b6 7. Bb2 Nbd7 8. Nc3
Bb7 9. Qc2 c5 10. cxd5 exd5 11. d4 Rc8 12. Rfd1 Re8 13. dxc5 Nxc5 14. Rac1 Nce4
15. Qb1 Nxf2 16. Kxf2 Ng4+ 17. Kg1 Bc5+ 18. Nd4 Qf6 19. Nb5 Qf2+ 20. Kh1 Rxe2
21. Rg1 Rxb2 22. Qf5 Qxf5 23. Nxf5 Nf2# 0-1

[Event "4NCL Individual Rapid"]
[Site "Newport Pagnell ENG"]
[Date "2010.10.10"]
[Round "6"]
[White "Arkell,K"]
[Black "Kilpatrick,C"]
[Result "1-0"]
[WhiteTitle "GM"]
[WhiteElo "2439"]
[BlackElo "2247"]
[WhiteFideId "400270"]
[BlackFideId "414425"]
[EventDate "2010.10.10"]

1. d4 Nf6 2. Nf3 g6 3. c4 Bg7 4. g3 O-O 5. Bg2 d6 6. O-O Nbd7 7. d5 a5 8. Nc3
Nc5 9. Nd4 e5 10. dxe6 Nxe6 11. Nxe6 fxe6 12. Bg5 h6 13. Bd2 Kh7 14. Qc2 e5 15.
Rad1 Qe7 16. Nd5 Nxd5 17. cxd5 b6 18. Rc1 Ra7 19. h4 Bf5 20. Be4 Qf7 21. f3 Bxe4
22. Qxe4 Qf5 23. Qxf5 gxf5 24. e4 f4 25. gxf4 exf4 26. Bc3 Rg8 27. Kf2 Raa8 28.
Rg1 Bxc3 29. Rxc3 Rxg1 30. Kxg1 Rg8+ 31. Kf2 Rg7 32. Rc6 Re7 33. Ke2 Kg6 34. Rc1
Rg7 35. Rg1+ Kf6 36. Rg4 Rh7 37. Rxf4+ Ke5 38. Ke3 1-0

[Event "4NCL Individual Rapid"]
[Site "Newport Pagnell ENG"]
[Date "2010.10.10"]
[Round "6"]
[White "Martyn,R"]
[Black "Zhou,Y"]
[Result "0-1"]
[WhiteTitle "FM"]
[BlackTitle "FM"]
[WhiteElo "2292"]
[BlackElo "2320"]
[WhiteFideId "409626"]
[BlackFideId "468584"]
[EventDate "2010.10.10"]

1. d4 Nf6 2. c4 g6 3. Nc3 Bg7 4. e4 O-O 5. Nf3 d6 6. h3 e5 7. d5 a5 8. g4 Nbd7
9. Be3 Nc5 10. Nd2 c6 11. Be2 cxd5 12. cxd5 Bd7 13. a4 Ne8 14. Bxc5 dxc5 15. Nc4
Ra6 16. h4 Nd6 17. Nxd6 Rxd6 18. Bb5 Bc8 19. Bc4 Rf6 20. Qe2 Qb6 21. O-O-O Qb4
22. f3 Bd7 23. d6 Rxf3 24. Nd5 Qxa4 25. Kb1 Bxg4 26. Bb5 Qb3 27. Bc4 Qa4 28. Bb5
Qb3 29. Bc4 Rf2 30. Qxf2 Qxc4 31. Rde1 Be6 32. Qd2 Rd8 33. Nc3 a4 34. Rd1 a3 35.
Qe2 Qxe2 36. Nxe2 axb2 37. Nc3 Bf8 38. Nb5 Bc4 39. Na3 Be6 40. Nb5 Bd7 41. Nc3
Bc6 42. Kxb2 Rxd6 43. Rxd6 Bxd6 44. h5 b5 45. h6 Bf8 46. Nd5 Bxd5 47. exd5 Bd6
48. Ra1 Kf8 49. Ra7 e4 50. Rd7 Be5+ 51. Kc2 Ke8 52. Ra7 Bf4 53. Rb7 b4 54. Kb3
Bxh6 55. Kc4 Bf8 56. Kb5 e3 57. Kc6 Be7 58. Rxe7+ Kxe7 59. Kc7 e2 60. d6+ Kf6
61. d7 e1=Q 62. Kc6 0-1

[Event "4NCL Individual Rapid"]
[Site "Newport Pagnell ENG"]
[Date "2010.10.10"]
[Round "6"]
[White "Hall,Joh"]
[Black "Clarke,B"]
[Result "0-1"]
[WhiteElo "2305"]
[BlackElo "2110"]
[WhiteFideId "401102"]
[BlackFideId "400319"]
[EventDate "2010.10.10"]

1. e4 e6 2. d4 d5 3. Nc3 Nf6 4. Bg5 dxe4 5. Bxf6 gxf6 6. Nxe4 a6 7. Nf3 b5 8.
Bd3 Bb7 9. O-O Nd7 10. Qe2 Be7 11. a4 b4 12. c4 f5 13. Ng3 h5 14. d5 Nc5 15.
Bxf5 exf5 16. Nxf5 Kf8 17. Rfe1 Bf6 18. Ne5 Qe8 19. f4 Bc8 20. Qf2 Bxf5 21.
Qxc5+ Kg7 22. Qxc7 Bd8 23. Qb7 Qe7 24. Qxe7 Bxe7 25. Kh1 Rhe8 26. Nf3 Bd6 27.
Nd4 Bd3 28. Rxe8 Rxe8 29. Rd1 Bxf4 30. b3 Re4 31. g3 Rxd4 32. Rxd3 Rxd3 33. gxf4
Rxb3 34. c5 Kf6 35. c6 Ke7 0-1

[Event "4NCL Individual Rapid"]
[Site "Newport Pagnell ENG"]
[Date "2010.10.10"]
[Round "6"]
[White "Hebden,M"]
[Black "Rendle,T"]
[Result "0-1"]
[WhiteTitle "GM"]
[BlackTitle "IM"]
[WhiteElo "2556"]
[BlackElo "2400"]
[WhiteFideId "400084"]
[BlackFideId "408760"]
[EventDate "2010.10.10"]

1. e4 e6 2. d3 d5 3. Nd2 Nf6 4. Ngf3 Bc5 5. e5 Nfd7 6. d4 Be7 7. c4 c5 8. cxd5
exd5 9. Bd3 Nc6 10. O-O O-O 11. Re1 cxd4 12. Nb3 Nc5 13. Nxc5 Bxc5 14. Bxh7+
Kxh7 15. Qc2+ d3 16. Qxc5 Bf5 17. Qe3 Kg8 18. Bd2 d4 19. Qf4 Qd7 20. h4 Bg4 21.
Rac1 Qf5 22. Qxf5 Bxf5 23. b4 a6 24. a4 Bg4 25. Nh2 Bd7 26. Re4 Rfe8 27. Nf3 f6
28. e6 Rxe6 29. Rxe6 Bxe6 30. b5 axb5 31. axb5 Ne5 32. Nxd4 Bf7 33. Rd1 Ra2 34.
Nf5 Bb3 35. Rb1 Rxd2 36. Rxb3 Rd1+ 37. Kh2 d2 0-1

[Event "4NCL Individual Rapid"]
[Site "Newport Pagnell ENG"]
[Date "2010.10.10"]
[Round "7"]
[White "Moskovic,D"]
[Black "Martyn,R"]
[Result "1-0"]
[WhiteTitle "FM"]
[BlackTitle "FM"]
[WhiteElo "2293"]
[BlackElo "2292"]
[WhiteFideId "404535"]
[BlackFideId "409626"]
[EventDate "2010.10.10"]

1. e4 d5 2. exd5 Qxd5 3. Nc3 Qa5 4. d4 Nf6 5. Nf3 Bf5 6. Ne5 c6 7. Nc4 Qc7 8. g3
g6 9. Bf4 Qc8 10. Qe2 Qe6 11. O-O-O Qxe2 12. Bxe2 Bg7 13. Na5 Bc8 14. Bf3 e6 15.
Bd6 Nd5 16. Ne4 f5 17. Nc5 b6 18. Bxb8 bxc5 19. Be5 Bxe5 20. dxe5 c4 21. Nxc4
Bd7 22. Na5 Rc8 23. c4 Ne7 24. Nb7 Rc7 25. Nc5 Bc8 26. Rd6 Kf7 27. Rhd1 g5 28.
Bh5+ Ng6 29. Rd8 Rxd8 30. Rxd8 Ke7 31. Rg8 Nxe5 32. Rxg5 Kd6 33. Na4 Nd3+ 34.
Kc2 Nxf2 35. c5+ Ke5 36. Rg8 Ba6 37. Nc3 Nd3 38. Na4 Rd7 39. Ra8 Bb5 40. Nc3 Bc4
41. b3 Nb4+ 42. Kb2 Bf1 43. Ka3 Nd3 44. Bf3 Nxc5 45. Bxc6 Rd2 46. Rxa7 h5 47. b4
Nd3 48. b5 Kd4 49. Nb1 Rd1 50. Rd7+ Kc4 51. b6 Rxb1 52. b7 Rb6 53. Rd8 Nc5 54.
b8=Q Rxb8 55. Rxb8 Kc3 56. Rh8 Be2 57. Be8 Bc4 58. Bxh5 e5 59. Rc8 Kd4 60. Rd8+
Kc3 61. Rc8 Kd4 62. Kb4 Nd3+ 63. Ka5 Bd5 64. Be2 Nc1 65. Bd1 Nxa2 66. h4 Nc3 67.
h5 f4 68. gxf4 exf4 69. Bg4 Be4 70. h6 Nd5 71. Bf3 Ne7 72. Rd8+ Ke5 73. Bxe4
Kxe4 74. Re8 Kf5 75. Rxe7 Kg6 76. Re6+ 1-0

[Event "4NCL Individual Rapid"]
[Site "Newport Pagnell ENG"]
[Date "2010.10.10"]
[Round "7"]
[White "Swanson,S"]
[Black "Franklin,S"]
[Result "1-0"]
[WhiteElo "2269"]
[BlackElo "2203"]
[WhiteFideId "2400251"]
[BlackFideId "468576"]
[EventDate "2010.10.10"]

1. e4 c5 2. Nf3 d6 3. d4 cxd4 4. Qxd4 Nc6 5. Bb5 Bd7 6. Bxc6 Bxc6 7. Nc3 Nf6 8.
Bg5 e6 9. O-O-O Be7 10. Kb1 O-O 11. h4 e5 12. Qd3 h6 13. Bxf6 Bxf6 14. g4 g6 15.
g5 hxg5 16. hxg5 Bg7 17. Nd5 Bxd5 18. Qxd5 Qb6 19. Qxd6 Qxf2 20. Rdf1 Qe2 21.
Qd7 Rfc8 22. Nxe5 Qxc2+ 23. Ka1 Rc7 24. Qd5 Rac8 25. a3 Rf8 26. Rb1 Re7 27. Nxg6
Rxe4 28. Nxf8 Ra4 29. Qf3 Qc5 30. Rh3 Qxf8 31. Qb3 Rg4 32. Qd3 Qe7 33. Rc1 Rg2
34. Rc8+ 1-0

[Event "4NCL Individual Rapid"]
[Site "Newport Pagnell ENG"]
[Date "2010.10.10"]
[Round "7"]
[White "Slavin,A"]
[Black "Hall,Joh"]
[Result "1-0"]
[WhiteTitle "IM"]
[WhiteElo "2426"]
[BlackElo "2305"]
[WhiteFideId "24104388"]
[BlackFideId "401102"]
[EventDate "2010.10.10"]

1. d4 Nf6 2. Nf3 c5 3. d5 g6 4. Nc3 Bg7 5. e4 d6 6. Bb5+ Bd7 7. a4 O-O 8. O-O
Bg4 9. Be2 Bxf3 10. Bxf3 Nbd7 11. Be2 a6 12. Be3 Rb8 13. f3 Qc7 14. Qd2 c4 15.
Ba7 Ra8 16. Bd4 Rab8 17. a5 Nc5 18. Qe3 b5 19. axb6 Rxb6 20. Na4 Rb5 21. Nxc5
dxc5 22. Bc3 Rfb8 23. Rfb1 Rb4 24. Rxa6 Nd7 25. Rc6 Qa7 26. Bxg7 Kxg7 27. Qc3+
Kg8 28. Bxc4 Rxb2 29. Rxb2 Qa1+ 30. Kf2 Qxb2 31. Rc8+ Nf8 32. Qxb2 Rxb2 33. Bd3
c4 34. Rxc4 Nd7 35. f4 Nf6 36. h3 Kg7 37. Rc7 Rb4 38. Ke3 Kf8 39. g4 h6 40. c4
g5 41. fxg5 hxg5 42. e5 Ne8 43. Rc8 Rb3 44. Kd4 1-0

[Event "4NCL Individual Rapid"]
[Site "Newport Pagnell ENG"]
[Date "2010.10.10"]
[Round "7"]
[White "Jones,G"]
[Black "Poobalasingam,P"]
[Result "0-1"]
[WhiteTitle "GM"]
[BlackTitle "FM"]
[WhiteElo "2576"]
[BlackElo "2332"]
[WhiteFideId "409561"]
[BlackFideId "410683"]
[EventDate "2010.10.10"]

1. Nf3 Nf6 2. g3 g6 3. Bg2 Bg7 4. O-O O-O 5. d3 d5 6. Nbd2 c5 7. e4 Nc6 8. Re1
dxe4 9. dxe4 Qc7 10. c3 Rd8 11. Qe2 Ng4 12. Nc4 b5 13. Ne3 a6 14. a4 b4 15. Nd5
Qa7 16. h3 Nf6 17. Nxf6+ exf6 18. cxb4 Nxb4 19. Be3 Be6 20. Rec1 Nd3 21. Rc3 Qd7
22. Bxc5 Rab8 23. Rd1 Nf4 24. gxf4 Qxd1+ 25. Qxd1 Rxd1+ 26. Kh2 Rxb2 27. Nd4 Bd7
28. a5 Bf8 29. Bxf8 Kxf8 30. Nb3 Rxf2 31. Kg3 Rb2 32. Nc5 Bb5 33. Bf3 Rg1+ 34.
Kh4 Rh2 35. Bg4 h5 36. Bc8 Kg7 37. e5 g5+ 38. fxg5 fxg5+ 39. Kxh5 Be2+ 40. Bg4
Rxg4 41. Ne6+ fxe6 42. Rc7+ Kf8 43. Kg6 Rxh3 44. Rc8+ Ke7 45. Rc7+ Kd8 46. Ra7
Rf4 0-1

[Event "4NCL Individual Rapid"]
[Site "Newport Pagnell ENG"]
[Date "2010.10.10"]
[Round "7"]
[White "Zhou,Y"]
[Black "Clarke,B"]
[Result "1-0"]
[WhiteTitle "FM"]
[WhiteElo "2320"]
[BlackElo "2110"]
[WhiteFideId "468584"]
[BlackFideId "400319"]
[EventDate "2010.10.10"]

1. e4 e6 2. d3 d5 3. Qe2 Nf6 4. Nf3 c5 5. g3 Nc6 6. Bg2 Be7 7. O-O O-O 8. e5 Nd7
9. c4 d4 10. h4 f5 11. exf6 Nxf6 12. Bg5 h6 13. Bxf6 Bxf6 14. Nbd2 e5 15. Nh2
Bf5 16. Bd5+ Kh8 17. Ne4 Be7 18. a3 a5 19. Rfe1 Ra6 20. Qh5 Qe8 21. Qxe8 Rxe8
22. Re2 Rb6 23. Rae1 Rf8 24. Kg2 Rb3 25. Rd2 g5 26. hxg5 hxg5 27. Bxc6 bxc6 28.
Nf3 Bh3+ 29. Kxh3 Rxf3 30. Red1 Kg7 31. Kg4 Rf8 32. Nxg5 Kg6 33. Ne4 Rfb8 34. f4
exf4 35. gxf4 Rxb2 36. f5+ Kf7 37. Kf4 Rxd2 38. Rxd2 Rb3 39. a4 Ra3 40. Ke5 Rxa4
41. f6 Bf8 42. Ng5+ Ke8 43. Ke6 Ra1 44. Rb2 Re1+ 45. Ne4 Kd8 46. Rb8+ Kc7 47.
Rxf8 1-0

[Event "4NCL Individual Rapid"]
[Site "Newport Pagnell ENG"]
[Date "2010.10.10"]
[Round "7"]
[White "Rendle,T"]
[Black "Arkell,K"]
[Result "0-1"]
[WhiteTitle "IM"]
[BlackTitle "GM"]
[WhiteElo "2400"]
[BlackElo "2439"]
[WhiteFideId "408760"]
[BlackFideId "400270"]
[EventDate "2010.10.10"]

1. f4 d5 2. Nf3 g6 3. g3 Bg7 4. Bg2 Nf6 5. O-O b6 6. d3 Bb7 7. Qe1 Nbd7 8. c3
O-O 9. Na3 Re8 10. Nc2 e5 11. fxe5 Nxe5 12. Nxe5 Rxe5 13. Bf4 Re8 14. Qd2 Nh5
15. Bg5 Qd6 16. Rf2 f5 17. Raf1 Rf8 18. Bh6 Rae8 19. Bxg7 Kxg7 20. Nd4 Kg8 21.
Qh6 Ng7 22. Rf4 Qe7 23. Kh1 Ne6 24. Nxe6 Qxe6 25. e4 dxe4 26. dxe4 Qd7 27. exf5
Bxg2+ 28. Kxg2 Re2+ 29. Kh3 Qd2 30. Rh1 Rxf5 31. Rh4 Qd7 32. Rg4 Qd5 33. Rxg6+
hxg6 34. Qxg6+ Kf8 35. Rd1 Rh5+ 36. Kg4 Re4+ 37. Kf3 Rd4+ 38. Kf2 Rxd1 0-1

[Event "4NCL Individual Rapid"]
[Site "Newport Pagnell ENG"]
[Date "2010.10.10"]
[Round "8"]
[White "Pickard,C"]
[Black "Jones,G"]
[Result "0-1"]
[BlackTitle "GM"]
[WhiteElo "2134"]
[BlackElo "2576"]
[WhiteFideId "470880"]
[BlackFideId "409561"]
[EventDate "2010.10.10"]

1. d4 Nf6 2. Nf3 g6 3. g3 Bg7 4. Bg2 O-O 5. O-O d6 6. c4 Nbd7 7. h3 e5 8. Nc3
Re8 9. e4 exd4 10. Nxd4 a6 11. Be3 Rb8 12. Qc2 c5 13. Nde2 b5 14. cxb5 axb5 15.
Nf4 Ne5 16. Nfd5 Nxd5 17. Nxd5 Nc4 18. Rab1 Nxe3 19. Nxe3 Qa5 20. b3 Bb7 21.
Rfd1 Re6 22. Kh2 Ra8 23. a4 bxa4 24. bxa4 Bc6 25. Qd2 Qxd2 26. Rxd2 Rxa4 27.
Rb8+ Bf8 28. e5 Bxg2 29. exd6 Rd4 30. Rxd4 cxd4 31. d7 Rd6 32. Nc4 Rxd7 33. Kxg2
d3 34. Rb1 d2 35. Rd1 Bb4 36. Kf3 Rd4 37. Ne3 Ba5 38. Nf1 Rd6 39. Ke2 Re6+ 40.
Ne3 Kg7 41. h4 Kf6 42. Ra1 Re5 43. Kd3 Ke6 44. Ke2 h6 45. Kd3 f5 46. Ke2 Rc5 47.
Kd1 Rc1+ 48. Rxc1 dxc1=B 49. Kxc1 Be1 50. Nd1 Kd5 51. g4 fxg4 52. Ne3+ Ke4 53.
Nxg4 h5 54. f3+ Kf4 55. Kd1 hxg4 56. fxg4 Bxh4 0-1

[Event "4NCL Individual Rapid"]
[Site "Newport Pagnell ENG"]
[Date "2010.10.10"]
[Round "8"]
[White "Hebden,M"]
[Black "Holmes,R"]
[Result "1-0"]
[WhiteTitle "GM"]
[WhiteElo "2556"]
[BlackElo "2270"]
[WhiteFideId "400084"]
[BlackFideId "401579"]
[EventDate "2010.10.10"]

1. d4 Nf6 2. Nf3 g6 3. Nc3 d5 4. Bf4 Bg7 5. Qd2 O-O 6. Bh6 c5 7. Bxg7 Kxg7 8.
dxc5 Qa5 9. e4 dxe4 10. Nxe4 Qxd2+ 11. Nfxd2 Bf5 12. Bd3 Nbd7 13. Nxf6 Kxf6 14.
Bxf5 Kxf5 15. Nb3 Rfc8 16. O-O-O Rc7 17. Rd5+ e5 18. Nd4+ Ke4 19. Nb5 Rxc5 20.
Rxd7 Rxb5 21. Re1+ Kf5 22. Rxf7+ Ke6 23. Rxh7 Rf8 24. f3 Kf6 25. a4 Rb4 26. b3
Rc8 27. Kb2 a5 28. Rd7 Rc5 29. Rd6+ Kf5 30. g3 Rd4 31. Rxd4 exd4 32. Re4 Rd5 33.
Kc1 d3 34. Re7 b6 35. Re3 dxc2 36. Kxc2 Kg5 37. h4+ Kf5 38. Re4 Rd6 39. Rg4 Ke5
40. Kc3 Kf5 41. Rg5+ Kf6 42. Rb5 Ke6 43. g4 Kf6 44. h5 gxh5 45. Rxh5 Kg6 46. Rb5
Rf6 47. f4 1-0

[Event "4NCL Individual Rapid"]
[Site "Newport Pagnell ENG"]
[Date "2010.10.10"]
[Round "8"]
[White "Poobalasingam,P"]
[Black "Slavin,A"]
[Result "0-1"]
[WhiteTitle "FM"]
[BlackTitle "IM"]
[WhiteElo "2332"]
[BlackElo "2426"]
[WhiteFideId "410683"]
[BlackFideId "24104388"]
[EventDate "2010.10.10"]

1. d4 Nf6 2. c4 e6 3. g3 Bb4+ 4. Bd2 c5 5. Bxb4 cxb4 6. Bg2 O-O 7. e4 d6 8. Ne2
e5 9. a3 Qb6 10. O-O Nc6 11. axb4 Qxb4 12. d5 Nb8 13. Na3 Bg4 14. Qc2 Na6 15.
Nc3 Rfd8 16. Rfb1 Nc5 17. b3 Bd7 18. Qb2 a5 19. Nab5 Bxb5 20. cxb5 Rdc8 21. Na4
Nxa4 22. bxa4 Qxb2 23. Rxb2 Rc4 24. f3 Rac8 25. Bf1 Rc3 26. Be2 Nd7 27. b6 Kf8
28. Rb5 R8c5 29. Rab1 Rxb5 30. Rxb5 Rc5 31. Rb2 Ke7 32. Kf2 g6 33. Ke3 f5 34. h4
Rc8 35. Rb5 Ra8 36. Rb1 Nc5 37. Bb5 Rf8 38. h5 g5 39. exf5 Rxf5 40. Rc1 h6 41.
Bf1 Rf8 42. Bh3 Ra8 43. Bf1 Kf6 44. Bb5 Kf5 45. Bd3+ Kf6 46. Bb5 Kf5 47. Bd3+
Kf6 48. Bb5 Rf8 49. f4 gxf4+ 50. gxf4 Rg8 51. fxe5+ Kxe5 52. Rf1 Rg3+ 53. Ke2
Rg5 54. Rf7 Kxd5 55. Be8 Re5+ 0-1

[Event "4NCL Individual Rapid"]
[Site "Newport Pagnell ENG"]
[Date "2010.10.10"]
[Round "8"]
[White "Zhou,Y"]
[Black "Rendle,T"]
[Result "0-1"]
[WhiteTitle "FM"]
[BlackTitle "IM"]
[WhiteElo "2320"]
[BlackElo "2400"]
[WhiteFideId "468584"]
[BlackFideId "408760"]
[EventDate "2010.10.10"]

1. e4 e6 2. d3 d5 3. Qe2 dxe4 4. dxe4 e5 5. Nf3 Nc6 6. c3 Bd6 7. Qc2 Nge7 8.
Nbd2 O-O 9. Bc4 Ng6 10. Nf1 Bg4 11. Bg5 Be7 12. Be3 Nf4 13. Bxf4 exf4 14. N1d2
Bc5 15. Bd5 Qf6 16. h3 Bh5 17. Nb3 Bb6 18. O-O-O Ne5 19. Nbd4 c6 20. Bb3 c5 21.
Nf5 Nxf3 22. gxf3 Bxf3 23. Rd6 Qe5 24. Re1 Rad8 25. Rd5 Rxd5 26. Bxd5 Bg2 27.
Rg1 f3 28. Bxb7 Qh2 29. Rd1 Qxh3 30. Qd3 c4 31. Qd6 Qg4 32. Ne7+ Kh8 33. Nd5 Rd8
34. Qe7 Qe6 35. Qh4 Qh6+ 36. Qxh6 gxh6 37. Nf4 Rxd1+ 38. Kxd1 Bxf2 39. e5 Bh1
40. Bd5 Bg3 41. Nh3 Bg2 0-1

[Event "4NCL Individual Rapid"]
[Site "Newport Pagnell ENG"]
[Date "2010.10.10"]
[Round "9"]
[White "Rawlinson,A"]
[Black "Franklin,S"]
[Result "0-1"]
[WhiteElo "2183"]
[BlackElo "2203"]
[WhiteFideId "413496"]
[BlackFideId "468576"]
[EventDate "2010.10.10"]

1. e3 Nf6 2. Nf3 g6 3. c4 Bg7 4. Be2 O-O 5. Qc2 d6 6. Nc3 e5 7. O-O Nc6 8. a3 a5
9. b3 e4 10. Ne1 Bf5 11. Bb2 Ne5 12. f4 exf3 0-1

[Event "4NCL Individual Rapid"]
[Site "Newport Pagnell ENG"]
[Date "2010.10.10"]
[Round "9"]
[White "Holmes,R"]
[Black "Buckley,D"]
[Result "1-0"]
[WhiteElo "2270"]
[BlackElo "2237"]
[WhiteFideId "401579"]
[BlackFideId "407437"]
[EventDate "2010.10.10"]

1. d4 d5 2. Nf3 Nf6 3. e3 g6 4. c4 e6 5. Nc3 Bg7 6. b3 O-O 7. Be2 c5 8. Bb2 cxd4
9. exd4 Nc6 10. O-O dxc4 11. bxc4 Nh5 12. Ne4 Nf4 13. Re1 Nxe2+ 14. Rxe2 b6 15.
Ba3 Nxd4 16. Nxd4 Qxd4 17. Qxd4 Bxd4 18. Rd1 Rd8 19. Red2 e5 20. Be7 Ba6 21.
Bxd8 Rxd8 22. Rc1 f5 23. Nf6+ Kg7 24. Nd5 Bb7 25. Nc7 Kf6 26. Nb5 Be4 27. Rcd1
Bb7 1-0

[Event "4NCL Individual Rapid"]
[Site "Newport Pagnell ENG"]
[Date "2010.10.10"]
[Round "9"]
[White "Jones,G"]
[Black "Kilpatrick,C"]
[Result "1-0"]
[WhiteTitle "GM"]
[WhiteElo "2576"]
[BlackElo "2247"]
[WhiteFideId "409561"]
[BlackFideId "414425"]
[EventDate "2010.10.10"]

1. c4 Nf6 2. Nc3 d5 3. cxd5 Nxd5 4. g3 g6 5. Bg2 Nb6 6. d3 Bg7 7. Be3 Nc6 8. Qc1
h5 9. Nf3 e5 10. O-O Nd4 11. Re1 Nxf3+ 12. Bxf3 h4 13. Ne4 hxg3 14. hxg3 Nd5 15.
Bc5 b6 16. Nd6+ cxd6 17. Bxd5 Rb8 18. Ba3 Bb7 19. Bxb7 Rxb7 20. Qc6+ Rd7 21.
Rac1 O-O 22. Qd5 Qg5 23. e3 Bf6 24. Rc6 Rfd8 25. Rec1 Be7 26. Rc7 Qf5 27. b3 Kg7
28. Rxd7 Rxd7 29. Rc8 Qe6 30. Qa8 Qf5 31. Rg8+ Kf6 32. Qc8 Ke6 33. Qc4+ Kf6 34.
d4 Qb1+ 35. Kg2 Qe4+ 36. Kh2 Kg5 37. Qxf7 1-0

[Event "4NCL Individual Rapid"]
[Site "Newport Pagnell ENG"]
[Date "2010.10.10"]
[Round "9"]
[White "Swanson,S"]
[Black "Hebden,M"]
[Result "0-1"]
[BlackTitle "GM"]
[WhiteElo "2269"]
[BlackElo "2556"]
[WhiteFideId "2400251"]
[BlackFideId "400084"]
[EventDate "2010.10.10"]

1. e4 e5 2. Nc3 Nf6 3. f4 d5 4. fxe5 Nxe4 5. Qf3 Nc6 6. Bb5 f5 7. d3 Nxc3 8.
bxc3 Be7 9. Ne2 O-O 10. d4 Na5 11. Nf4 c6 12. Bd3 Nc4 13. O-O Qe8 14. Nxd5 Nb6
15. Nxe7+ Qxe7 16. a4 Qe6 17. Ba3 Rf7 18. Bc5 Nc4 19. Qe2 b5 20. Rae1 a6 21. Rf2
g6 22. Ref1 Nb2 23. a5 Nxd3 24. cxd3 Qb3 25. Qb2 Qd5 26. Qb4 Be6 27. Rc1 f4 28.
c4 bxc4 29. dxc4 Qe4 30. Re1 Qd3 31. Rd2 Qxc4 32. Qxc4 Bxc4 33. e6 Rf5 34. e7
Re8 35. Rb2 Bb5 36. Rf2 Kf7 37. g3 f3 38. Re3 Be2 39. g4 Rf6 40. h4 h6 41. Kh2
g5 42. Kg3 Kg6 43. h5+ Kf7 44. Rb3 Rxe7 45. Bxe7 Kxe7 46. Rc3 Kd7 47. Rc5 Rd6
48. Rf5 Rxd4 49. Rf7+ Ke6 50. Rh7 Rd1 51. Rxh6+ Ke5 52. Rxc6 Rg1+ 53. Kh2 Rxg4
54. h6 Kf4 55. h7 Rh4+ 56. Kg1 Rxh7 57. Rf6+ Kg3 58. Rf5 g4 59. Rxe2 fxe2 60.
Rf3+ Kh4 61. Re3 Rh5 62. Rxe2 Rxa5 63. Re8 Ra2 0-1